000 00475nam a2200181Ia 4500
005 20260429112220.0
008 260429s9999||||xx |||||||||||||| ||und||
020 _a9788197092565
041 _aEnglish
082 _a631.4
_bSIN
100 _aSingh, Ravindra
245 0 _aFundamentals of soil science /
_cRavindra Singh
260 _aNew Delhi :
_bAsia Publishers,
_c2025.
300 _ax, 300 p.; hb
650 _a Soil science
650 _aAgriculture
942 _cTB
999 _c52935
_d52935